| 000 | 00000nam##2200000za#4500 |
| 001 | 9.630394 |
| 003 | CaOODSP |
| 005 | 20210624213823 |
| 007 | cr ||||||||||| |
| 008 | 150407|1999||||xxc|||||o f|0| 0 fre|d |
| 040 | |aCaOODSP|bfre |
| 043 | |an-cn--- |
| 086 | 1 |aP75-14/1999F-IN |
| 110 | 1 |aCanada.|bTravaux publics et Services gouvernementaux Canada.|bDirection générale de la vérification et de l'examen. |
| 245 | 10|aExamen de l'Environnement automatisé de l'acheteur (ABE) - intégrité des données et de la fonctionnalité |h[ressource électronique] |
| 260 | |aOttawa - Ontario : |bTravaux publics et Services gouvernementaux Canada. |c1999. |
| 300 | |a36p. (2757 kb) |
| 590 | |a00-40|b2000-10-06 |
| 691 | 07|aCommerce électronique|2gcpds |
| 691 | 07|aAchat|2gcpds |
| 691 | 07|aInformation|2gcpds |
| 775 | 08|tReview of Automated Buyer Environment (ABE) - data integrity and functionality |w(CaOODSP)9.685809 |
| 856 | 40|ahttp://publications.gc.ca|qPDF|s2757 KB|uhttps://publications.gc.ca/collections/Collection/P75-14-1999F.pdf |
| 020 | |a0-662-85073-4 |